000 01049nam a2200217Ia 4500
003 OSt
005 20241104142351.0
007 ca aa aaaaa
008 201103s9999 xx 000 0 und d
040 _cSSBUL
041 _abur
082 _223
_a၂၉၄.၃၄၄၃၅ တောင်
_b၉၁၂၉ S-SAT
100 0 _aတောင်ဝိုင်းကလေးတိုက်ကျောင်းဘုန်းတော်ကြီး။
_917258
245 1 0 _aသတိပဋ္ဌာန်ဝိပဿနာလမ်းညွှန်ကျမ်း /
_cတောင်ဝိုင်းကလေးတိုက်ကျောင်းဘုန်းတော်ကြီး။
250 _aဒုတိယအကြိမ်။
260 _aရန်ကုန် ၊
_bသင့်ဘဝပုံနှိပ်တိုက်၊
_c၁၉၇၆။
300 _aတ၊ ၁၁၂ စာမျက်နှာ ၊
_c၁၈ စင်တီ။
500 _aS-SAT: Dr. Sai Aung Tun
650 _aဝိပဿနာ
942 _2ddc
_cBK1
999 _c16618
_d16618